Seni penyembuhan sufi

Bibliographic Details
Main Author: Syaikh Hakim Mu'inuddin Chisyti
Format: Book
Published: Kuala Lumpur : DarulFikir , 2004
Subjects:

MARC

LEADER 00000cam a2200000 7i4500
001 0000013866
005 20080205.0
008 050208
020 |a 9793018615 
090 0 0 |a 297.4   |b SYA 
100 0 |a Syaikh Hakim Mu'inuddin Chisyti 
245 1 0 |a Seni penyembuhan sufi   |c Syaikh Hakim Mu'inuddin Chisyti 
260 |a Kuala Lumpur :   |b DarulFikir ,   |c 2004 
650 0 |a Metaphysics 
650 0 |a Spiritual healing 
650 0 |a Sufims 
999 |a 0001004829   |b Book   |c Adult Collection   |e Perbadanan Perpustakaan Awam Johor 
999 |a 0001004830   |b Book   |c Adult Collection   |e Perbadanan Perpustakaan Awam Johor